000 00651nam a2200193 i 4500
001 23053
003 ES-MaACL
005 20230906152816.0
007 t|
008 021205s1970 pr ||||1| spa d
100 1 _aAlonso, Manuel A.
_920228
245 1 3 _aEl jíbaro /
_cManuel A. Alonso ; palabra inicial y notas de F. Manrique Cabrera y José Antonio Torres Morales.
260 _aPuerto Rico :
_bEd. Cultural,
_c1970.
300 _aXXIX, 223 p. ;
_c22 cm.
651 4 _aPuerto Rico-
_xUsos y costumbres.
_99293
700 1 _aCabrera, Francisco Manrique.
_933282
700 1 _aTorres Morales, José Antonio.
_9110987
852 _aES-MaACL
_jC-38121
999 _c23053
_d23053